000 00427nam a2200181Ia 4500
001 20308
005 20260306172756.0
008 260306t2010||||xx |||||||||||||| ||spa||
041 _aESP
082 _a343.1
_bT81
100 _aTribe, Laurence H.
_eAUT
245 0 _aInterpretando la constitución
260 _c2010
300 _a1991 pƔginas :
_c21 cm.
650 _aGEN
654 _aCDE
942 _cLIB
_dJUS
_fJUS
_2ddc
_n
999 _c20308
_d20308